La república de China de camino hacia el siglo XXI

Enregistré dans:
Détails bibliographiques
Auteur principal: Hu, Jason C (Auteur)
Format: Livre
Langue:espagnol
Chinois
Publié: Taiwán China Art Priting Works Yu Tai 1992
Édition:2a. ed
Sujets:
Tags: Ajouter un tag
Pas de tags, Soyez le premier à ajouter un tag!

MARC

LEADER 00000nam a2200000 a 4500
001 UCI1745
003 CL-VaPUC
008 070713e19920000CH |||||||||||||||||spa|d
020 |a 9570003197 
041 0 7 |a spa  |2 CL-VaPUC 
041 0 7 |a chi  |2 CL-VaPUC 
082 0 4 |a 951  |b HUJ  |2 21 
100 0 |a Hu, Jason C  |e author  |9 522409 
245 1 3 |a La república de China de camino hacia el siglo XXI 
250 |a 2a. ed 
300 |a 173 p 
942 |c BK 
945 |d 20070713 00:00:00  |a jtorresc 
260 |a Taiwán  |b China Art Priting Works Yu Tai  |c 1992 
650 0 |a Historia de China  |9 434737 
650 7 |a REPUBLICA CHINA  |2 CL-VaPUC  |9 522410 
651 0 |a China   |9 257545 
583 |a last modification  |c 20070713 00:00:00  |k Rodrigo Vera 
999 |c 326497  |d 326495 
952 |0 0  |1 0  |4 0  |6 951_000000000000000_HUJ_1992  |7 0  |8 A  |9 408414  |a BIBGIM  |b BIBGIM  |d 2019-11-22  |i 4278208  |o 951 HUJ 1992  |p 4278208  |r 2025-01-15  |w 2019-11-22  |y BK  |k ORI